|
|
|
|
| LEADER |
00000nam a22000007a 4500 |
| 005 |
2022040805345.0 |
| 007 |
cr|||| |||| |
| 008 |
220408s2019 br |||||s|||| 00||0 por d |
| 020 |
|
|
|a 978-85-301-0164-0
|
| 035 |
|
|
|a 36045
|
| 040 |
|
|
|a vLex
|
| 090 |
|
|
|c 13139
|d 13139
|
| 100 |
1 |
|
|a Messias da Silva, Leda Maria
|
| 245 |
1 |
0 |
|a Reforma trabalhista
|h [Recurso electrn̤ico] :
|b Anl̀ise do direito material ̉luz dos direitos da personalidade /
|c Leda Maria Messias da Silva, Leandra Cauneto Alvô, Jeferson Luiz Cattelan
|
| 256 |
|
|
|a Servicio en ln̕ea
|
| 260 |
|
|
|a San Pablo:
|b LTR,
|c 2019
|
| 300 |
|
|
|a 1 recurso electrn̤ico
|
| 500 |
|
|
|a Pesquisadores do direito material do trabalho, os autores esmia︢̇m a reforma trabalhista e explicam as alteraė̳s ocorridas nas relaė̳s entre empregado e empregador. Utilizam a experin̊cia adquirida em mais de 30 anos de docn̊cia e prt̀ica jurd̕ica na advocacia trabalhista para produzir a Anl̀ise do Direito Material do Trabalho ̉luz dos Direitos da Personalidade. Organizada em temas, a obra proporciona maior praticidade no manuseio, bem como na busca desejada. O livro destina-se a estudantes, professores, magistrados, procuradores, advogados e a todos que possuem interesse pelos temas relacionados ̉dignidade no meio ambiente de trabalho.
|
| 506 |
1 |
|
|a Disponible solo en los productos indicados
|d vLex Global
|d vLex Global (Academic Edition, excluding Law Schools)
|d vLex Global (U.S. Academic Edition, Law Schools)
|d vLex Global (U.S. Academic Edition, excluding Law Schools)
|d vLex Global (Academic Edition, Law Schools)
|
| 650 |
0 |
4 |
|a Derecho Laboral y Seguridad Social
|z Brasil
|
| 700 |
1 |
|
|a Cauneto Alvô, Leandra
|
| 700 |
1 |
|
|a Cattelan, Jeferson Luiz
|
| 740 |
0 |
|
|a vLex Libros (Servicio en ln̕ea)
|
| 856 |
4 |
0 |
|u https://app.vlex.com/#/sources/36045
|z Acceso restringido
|
| 942 |
|
|
|c BOOK
|
| 999 |
0 |
|
|a Labor law and social security
|